| 000 | 00452nam a2200157Ia 4500 | ||
|---|---|---|---|
| 008 | 231217s9999 xx 000 0 und d | ||
| 020 | _a8173660220 | ||
| 041 | _aEnglish | ||
| 082 | _a001.6424WIN ORE;1 R | ||
| 100 | _aO'reilly, Tim. Mott, Troy. | ||
| 245 | 0 | _aWindows 95 : in a nutshell, a quick desktop reference | |
| 260 |
_c1998 _bSPD Publishers _aMumbai |
||
| 300 | _axxii+503 | ||
| 650 | _aWindows,95,nutshell,,quick,desktop | ||
| 942 | _cAA | ||
| 999 |
_c182622 _d182622 |
||